| 000 | 02178nam0a2200409 4500 | ||
|---|---|---|---|
| 001 | RU\NLR\bibl\1354211 | ||
| 005 | 20260405105856.0 | ||
| 010 |
_a978-5-9745-0539-3 _93000 |
||
| 021 |
_aRU _b2009-10073 _9589 |
||
| 035 | _a(NLR Aleph) 001339272 | ||
| 090 |
_a850317 _c850317 |
||
| 100 | _a20090126d2009 |||y0rusy50 ca | ||
| 101 | 0 | _arus | |
| 102 | _aRU | ||
| 105 | _ay z ||||| | ||
| 200 | 1 |
_aКраткий курс по медицинскому праву _e[учебное пособие _eдля студентов высших учебных заведений] _fВ.Н. Кирсанов, Г.Р. Колоколов, Е.Е. Новикова, К.В. Сибикеев |
|
| 210 |
_aМосква _cОкей-книга _d2009 |
||
| 215 |
_a122, [1] с. _d17 |
||
| 225 | 1 |
_aСкорая помощь студенту _iКраткий курс |
|
| 225 | 1 | _aЭкзамен?! - Не вопрос! Все ответы здесь! | |
| 300 | _aЗагл. обл.: Медицинское право | ||
| 300 | _aНа обл. авт. не указаны | ||
| 512 | 1 | _aМедицинское право | |
| 606 | 1 |
_aМедицина _jУчебные издания для высших учебных заведений _xПравовое регулирование _yРоссийская Федерация _92244310 _3RU\NLR\auth\661346513 |
|
| 686 |
_aХ401.124(2Рос)я73-1 _vLBC/M _2rubbk |
||
| 686 |
_a10.17 _2rugasnti |
||
| 686 | _aХ621.154я73 | ||
| 701 | 1 |
_4070 _8rus _7ca _aКирсанов _bВ.Н. _cканд. мед. наук _gВладимир Николаевич _3RU\NLR\auth\7726495 _99534 |
|
| 701 | 1 |
_4070 _7ca _8rus _aКолоколов _bГ. Ю. _gГеоргий Рюрикович _923616 _3RU\NLR\auth\7740665 |
|
| 701 | 1 |
_4070 _8rus _7ca _aНовикова _bЕ. Е. _cканд. мед. наук _gЕлена Евгеньевна _3RU\NLR\auth\7741136 _924086 |
|
| 701 | 1 |
_aСибикеев _bК. В. _gКонстантин Владимирович _4070 |
|
| 801 | 0 |
_aRU _bНБ Казанского ГУ _c20070131 _gRCR |
|
| 801 | 1 |
_aRU _bНБ Казанского ГУ _c20090126 _gRCR |
|
| 801 | 2 |
_aRU _bNLR _c20090408 _grcr |
|
| 942 | _cBOOK | ||
| 980 | _aNB | ||